Priblížime sa k priemeru výdavkov krajín OECD v oblasti školstva?

Nástroje na zvýšenie efektívnosti siete škôl a získavanie finančných prostriedkov do školstva. Slovensko by malo každoročne pridávať do školstva 200 miliónov eur, aby sa do piatich rokov dostalo na priemernú úroveň výdavkov krajín OECD.

Salvato in:
Dettagli Bibliografici
Autore principale: Neupauerová, Zuzana
Natura: Capitolo di libro
Lingua:slovacco
Soggetti:
Tags: Aggiungi Tag
Nessun Tag, puoi essere il primo ad aggiungerne!!

MARC

LEADER 00000nla a2200000 4500
001 0173473
005 20240502072945.2
041 0 |a slo 
044 |a SK 
245 1 0 |a Priblížime sa k priemeru výdavkov krajín OECD v oblasti školstva?  |c Zuzana Neupauerová 
520 |a Nástroje na zvýšenie efektívnosti siete škôl a získavanie finančných prostriedkov do školstva. Slovensko by malo každoročne pridávať do školstva 200 miliónov eur, aby sa do piatich rokov dostalo na priemernú úroveň výdavkov krajín OECD. 
610 2 0 |a Slovensko 
610 2 0 |a školstvo 
610 2 0 |a školy 
610 2 0 |a sústava výchovno-vzdelávacia 
610 2 0 |a financovanie školstva 
610 2 0 |a reformy školské 
610 2 0 |a OECD 
100 1 |a Neupauerová, Zuzana